00489nam a22001457a 4500003000400000082001800004100002400022245004100046260003100087300001000118546001200128942001300140999001900153952017100172OSt a910.3bSRE/KE aSreedhara Menon, A  aKerala District Gazetteers:bTrichur bGovernment of Keralac1962 a641p. aEnglish 2ddccREF c163435d163435 00102ddc40718REFaKAUCLVbKAUCLVcREFd2019-01-21l0o910.3 SRE/KEp906761r2019-01-21 00:00:00w2019-01-21yREFzBook transferred from CoH Library, Acc.No: 17347